| 000 | 00487nam a22001457a 4500 | ||
|---|---|---|---|
| 082 | _a005 | ||
| 100 | _aMalik, Hufsa | ||
| 245 |
_aSoft Computing based Framework for Risk Assessment in Global Software Engineering / _cHufsa Malik |
||
| 260 |
_aIslamabad : _bCEME - NUST, _c2014. |
||
| 300 |
_a43 p. ; _c30cm. |
||
| 650 |
_aComputer Software Engineering-MS-Thesis _916105 |
||
| 700 |
_aDr. Aasia Khanum _917318 |
||
| 942 |
_2ddc _cTHE |
||
| 999 |
_c536527 _d536527 |
||